|
|
|
|
| LEADER |
00985nam a2200277 a 4500 |
| 001 |
7752 |
| 003 |
BD-DhAAL |
| 005 |
20150708114256.0 |
| 008 |
150708s2002 nyua 000 0 eng |
| 010 |
|
|
|a 2002070891
|
| 020 |
|
|
|a 0446612626
|
| 020 |
|
|
|a 0374281602 (alk. paper)
|
| 040 |
|
|
|a DLC
|c DLC
|d MYG
|d BD-DhAAL
|
| 050 |
0 |
0 |
|a PS3570.U754.R48 2002
|
| 082 |
0 |
0 |
|a 813/.54
|2 21
|
| 100 |
1 |
|
|a Turow, Scott.
|9 12965
|
| 245 |
1 |
0 |
|a Reversible errors /
|c Scott Turow.
|
| 260 |
|
|
|a New York :
|b Farrar, Straus, Giroux,
|b Warner Vision Books,
|c 2002.
|
| 300 |
|
|
|a 553 p. :
|c 18 cm.
|
| 650 |
|
0 |
|a Kindle County (Imaginary place)
|v Fiction.
|9 12966
|
| 650 |
|
0 |
|a Attorney and client
|v Fiction.
|9 12967
|
| 650 |
|
0 |
|a Death row inmates
|v Fiction.
|9 12968
|
| 655 |
|
7 |
|a Legal stories.
|2 gsafd
|9 6258
|
| 942 |
|
|
|2 ddc
|c BK
|
| 999 |
|
|
|c 34984
|d 34984
|
| 952 |
|
|
|0 0
|1 0
|2 ddc
|4 0
|6 813_540000000000000_TUR
|7 0
|9 54848
|a SCL
|b SCL
|c GEN
|d 2015-07-08
|e Gift
|l 5
|m 15
|o 813.54 TUR
|p 3020007752
|r 2018-12-05
|s 2018-10-04
|t 1
|w 2015-07-08
|y BK
|